000 00576nam a22001697a 4500
003 OSt
005 20260505005013.0
008 260505b |||||||| |||| 00| 0 eng d
020 _a188932308
040 _aDWCL Main Lib.
_cOC
082 _aProf. 790.134 A325b 2002
100 _aLev Alburt
_eAuthor
245 _aBuilding up your chess :
_bthe art of accurate evaluation and other winning techniques /
_c Lev Alburt
260 _aNew York :
_bChess Information and Research Center,
_cc2002
300 _a352 pages :
_bcolored illustrations ;
_c22cm.
942 _2ddc
_cPROF.
_n0
999 _c10239
_d10239